|
|
|
|
| LEADER |
00739nam a2200193 a 4500 |
| 001 |
2993059 |
| 008 |
090702s1992 bg 000 0 eng d |
| 010 |
|
|
|a 92908637
|
| 020 |
|
|
|a 9840800698 :
|c Tk200.00 ($5.00 U.S.)
|
| 040 |
|
|
|a DLC
|c DLC
|d DLC
|
| 082 |
0 |
0 |
|a 821
|2 20
|
| 100 |
1 |
|
|a Rahman, Nadeem.
|
| 245 |
1 |
0 |
|a Poems of expiation :
|b an (unauthorized) autobiography /
|c Nadeem Rahman.
|
| 260 |
|
|
|a Dhaka, Bangladesh :
|b Academic Publishers,
|c 1992.
|
| 300 |
|
|
|a 146 p. ;
|c 22 cm.
|
| 541 |
1 |
|
|e 00005346
|
| 852 |
4 |
|
|a Ayesha Abed Library
|j General shelf
|
| 999 |
|
|
|c 1999
|d 1999
|
| 952 |
|
|
|0 0
|1 0
|2 ddc
|4 0
|6 821_RAH_199200000000000
|7 0
|9 1836
|a BRACUL
|b BRACUL
|c GEN
|d 2009-07-05
|g 200.00
|l 5
|m 16
|o 821 RAH
|p 3010005346
|r 2025-10-12
|s 2025-05-13
|t 1
|v 400.00
|w 2009-07-05
|y BK
|